Statistics for European Countries With The Least English Speakers

Click here to take the quiz!

General Stats

  • This quiz has been taken 45 times
  • The average score is 13 of 15

Answer Stats

%Country% Correct
19Moldova
95%
20Ukraine
95%
18Belarus
90%
23North Macedonia
90%
25Portugal
90%
22Serbia
90%
23Spain
88%
21Bulgaria
86%
20Hungary
86%
28Italy
86%
19Kosovo
86%
17Albania
83%
31France
83%
26Slovakia
83%
29Czech Republic
74%

Score Distribution

Percentile by Number Answered

Percent of People with Each Score

Your Score History

You have not taken this quiz